00293nam a2200121Ia 4500008004100000100001800041245003900059260002600098300000800124650001400132942000800146999001700154190216s9999||||xx |||||||||||||| ||und|| a"Selvaraj C," 0aMicro Economics - Introduction Xii bNcrt - Newdelhic2003 a160 aEconomics cREF c36703d36703